[Event "Mild Breezes Of November"]
[Site "SchemingMind.com"]
[Date "2014.11.24"]
[Round "-"]
[White "Patjanka"]
[Black "Whitetiger"]
[Result "1/2-1/2"]
[WhiteCountry "DEN"]
[BlackCountry "ENG"]
[WhiteElo "2349"]
[WhiteRD "102"]
[BlackElo "2465"]
[BlackRD "96"]
[GameID "369346"]

1. f4 d5 2. Nf3 Nf6 3. e3 g6 4. b4 Bg7 5. Bb2 O-O 6. Be2 c6 7. a4 Bg4 8. O-O Nbd7 9. a5 Qc7 10. c4 dxc4
11. Bxc4 e5 12. fxe5 Bxf3 13. gxf3 Nxe5 14. Be2 Rfd8 15. Ra3 Nd5 16. Qb3 Qe7 17. f4 Nd7 18. Bxg7 Kxg7 19. b5 N7f6 20. Qb2 cxb5
21. Bxb5 Rac8 22. Be2 Rc5 23. Rb3 Rb8 24. a6 b5 25. Qe5 Qc7 26. Na3 b4 27. Qxc7 Nxc7 28. Nc4 Ncd5 29. Ne5 Rbc8 30. Bd3 Rd8
31. Rfb1=
1/2-1/2

[Event "Mild Breezes Of November"]
[Site "SchemingMind.com"]
[Date "2014.11.23"]
[Round "-"]
[White "Whitetiger"]
[Black "Patjanka"]
[Result "0-1"]
[WhiteCountry "ENG"]
[BlackCountry "DEN"]
[WhiteElo "2437"]
[WhiteRD "124"]
[BlackElo "2405"]
[BlackRD "102"]
[GameID "369347"]

1. e4 c5 2. Nc3 Nc6 3. f4 g6 4. Nf3 Bg7 5. Bb5 Nd4 6. O-O Nxb5 7. Nxb5 a6 8. Nc3 b5 9. d3 Bb7 10. Qe1 d6
11. a4 b4 12. Nd1 Nf6 13. Ne3 O-O 14. f5 e6 15. fxe6 fxe6 16. Nc4 Nh5 17. Bd2 Qe7 18. Qe3 d5 19. Na5 Bxb2 20. Rae1 dxe4
21. dxe4 Bg7 22. Qb3 Bc8 23. Qc4 Bd7 24. Bg5 Qd6 25. Nb7 Qb6 26. Nxc5 Rac8 27. Be3 Bxa4 28. Kh1 Bb5 29. Qxb4 a5 30. Qb1 Bc3
31. Nd7 Qa6 32. Nxf8 Bxf1 33. Rxf1 Rxf8 34. Bh6 Rc8 35. Bd2 Bxd2 36. Nxd2 a4 37. c4 a3 38. Qa2 Ra8 39. c5 Qc6 40. Rf3 Qxc5
41. Qxe6+ Kh8 42. Qa2 Qc1+ 43. Rf1 Qb2 44. Qd5 Rb8 45. Nc4 Qb1 46. Nd2 a2 47. Qd4+ Ng7 48. g4 Qc2 49. g5 Qc8 50. Ra1 Qe6
51. Kg1 Ra8 52. Qd5 Qa6 53. Kh1 Ne6 54. h4 Ra7 55. Qe5+ Kg8 56. Qb8+ Nf8 57. Qb3+ Qe6 58. Kg2 Qf7 59. Qc3 Ra4 60. Qc2 Ra5
61. Qc3 Ra7 62. Qc5 h5 63. gxh6 Ne6 64. Qe3 Kh8 65. Nf3 Kh7 66. Kf2 Qe7 67. Kg1 Qb7 68. Nd2 Ra4 69. Qb3 Qa7+ 70. Kh1 Nd4
71. Qb2 Qf7 72. h5 gxh5 73. Kg2 Kxh6 74. Kh1 Kh7 75. Qc3 Qf6
0-1

[Event "Mild Breezes Of November"]
[Site "SchemingMind.com"]
[Date "2014.12.02"]
[Round "-"]
[White "Patjanka"]
[Black "Adrian Grajczak"]
[Result "1/2-1/2"]
[WhiteCountry "DEN"]
[BlackCountry "POL"]
[WhiteElo "2349"]
[WhiteRD "102"]
[BlackElo "2199"]
[BlackRD "76"]
[GameID "369617"]

1. d4 d5 2. c4 dxc4 3. e4 e5 4. Nf3 Bb4+ 5. Nc3 exd4 6. Nxd4 Nd7 7. Bxc4 Ngf6 8. O-O O-O 9. f3 Qe7 10. Qb3 Nb6
11. Rd1 c5 12. Nc2 Bxc3 13. Qxc3 Nxc4 14. Qxc4 Be6 15. Qc3 Rfd8 16. Bg5 h6 17. Bh4 g5 18. Bf2 b6 19. b4 cxb4 20. Nxb4=
1/2-1/2

[Event "Mild Breezes Of November"]
[Site "SchemingMind.com"]
[Date "2014.11.28"]
[Round "-"]
[White "Adrian Grajczak"]
[Black "Patjanka"]
[Result "0-1"]
[WhiteCountry "POL"]
[BlackCountry "DEN"]
[WhiteElo "2180"]
[WhiteRD "76"]
[BlackElo "2360"]
[BlackRD "94"]
[GameID "369618"]

1. e4 c5 2. Nf3 Nc6 3. d4 cxd4 4. Nxd4 e5 5. Nb5 d6 6. N1c3 a6 7. Na3 b5 8. Nd5 Nge7 9. c4 Nd4 10. Bg5 Qa5+
11. Bd2 Qd8 12. cxb5 Nxd5 13. exd5 g6 14. bxa6 Bg7 15. Qa4+ Bd7 16. Qb4 O-O 17. Qxd6 e4 18. Rb1 Nf5 19. Qb4 Rb8 20. Qc5 e3
21. Bxe3 Nxe3 22. fxe3 Qh4+ 23. g3 Qe4 24. Rg1 Bxb2 25. Bg2 Qd3 26. Bf1 Bc3+ 27. Kf2 Qf5+ 28. Kg2 Rxb1 29. Nxb1 Qe4+ 30. Kf2 Qc2+
31. Be2 Be1+
0-1

[Event "Mild Breezes Of November"]
[Site "SchemingMind.com"]
[Date "2014.12.02"]
[Round "-"]
[White "Whitetiger"]
[Black "Adrian Grajczak"]
[Result "1-0"]
[WhiteCountry "ENG"]
[BlackCountry "POL"]
[WhiteElo "2451"]
[WhiteRD "97"]
[BlackElo "2219"]
[BlackRD "79"]
[GameID "369619"]

1. e4 c5 2. Nc3 Nc6 3. Bb5 g6 4. Bxc6 dxc6 5. f4 Bg7 6. Nf3 Nf6 7. d3 O-O 8. O-O Bg4 9. Qe1 Bxf3 10. Rxf3 Qd7
11. Qh4 b6 12. f5 Nh5 13. Kh1 Bf6 14. Qh3 Ng7 15. g4 Ne8 16. Bh6 Ng7 17. Bf4 Bxc3 18. bxc3 f6 19. Qh6 g5 20. Bd2 e6
21. h4 gxh4 22. Qxh4 Rf7 23. Rg1 exf5 24. gxf5 Kh8 25. Rh3 Ne8 26. Bh6 Ng7 27. Bf4 Ne8 28. Rhg3 Ng7 29. R1g2 Qe7 30. Qh2
1-0

[Event "Mild Breezes Of November"]
[Site "SchemingMind.com"]
[Date "2014.11.28"]
[Round "-"]
[White "Adrian Grajczak"]
[Black "Whitetiger"]
[Result "1/2-1/2"]
[WhiteCountry "POL"]
[BlackCountry "ENG"]
[WhiteElo "2180"]
[WhiteRD "76"]
[BlackElo "2478"]
[BlackRD "91"]
[GameID "369620"]

1. e4 c5 2. Nf3 d6 3. d4 cxd4 4. Nxd4 Nf6 5. Nc3 a6 6. Be3 e5 7. Nb3 Be7 8. f3 Be6 9. Qd2 O-O 10. O-O-O Nbd7
11. g4 b5 12. g5 b4 13. gxf6 bxc3 14. Qxc3 Nxf6 15. Rg1 Rc8 16. Qd2 Qc7 17. Bh6 Ng4 18. fxg4 gxh6 19. g5 hxg5 20. Rxg5+ Kh8
21. Rg2 a5 22. Qxa5 Qc6 23. Bd3 Ra8 24. Qe1 f5 25. Kb1 Qa4 26. a3 f4 27. Qd2 Rab8 28. Rc1 Bh4 29. Rgg1 Qa7 30. Rcf1 Rf6
31. Be2 Bh3 32. Qd3 Bf2 33. Qxh3 Bxg1 34. Bg4 Be3 35. Rd1 Qg7 36. Qf3 Rg6 37. h3 Qb7 38. Rd5 Qa6 39. Qd1 Kg7 40. Ka2 Qb6
41. Qd3 Bd4 42. Qd2=
1/2-1/2

[Event "Mild Breezes Of November"]
[Site "SchemingMind.com"]
[Date "2014.11.28"]
[Round "-"]
[White "Patjanka"]
[Black "John Hamer"]
[Result "1-0"]
[WhiteCountry "DEN"]
[BlackCountry "ENG"]
[WhiteElo "2343"]
[WhiteRD "98"]
[BlackElo "2033"]
[BlackRD "59"]
[GameID "369651"]

1. d4 Nf6 2. c4 d5 3. cxd5 Nxd5 4. Nf3 Bf5 5. Qb3 Nb6 6. Nc3 Be6 7. Qc2 Bg4 8. e4 Bxf3 9. gxf3 Nc6 10. Bb5 Qxd4
11. Be3 Qf6 12. O-O-O Qe6 13. Ne2 Rd8 14. Nf4 Qc8 15. Bxc6+ bxc6 16. Qxc6+
1-0

[Event "Mild Breezes Of November"]
[Site "SchemingMind.com"]
[Date "2014.11.28"]
[Round "-"]
[White "John Hamer"]
[Black "Patjanka"]
[Result "0-1"]
[WhiteCountry "ENG"]
[BlackCountry "DEN"]
[WhiteElo "2033"]
[WhiteRD "59"]
[BlackElo "2343"]
[BlackRD "98"]
[GameID "369652"]

1. d4 c5 2. Nf3 cxd4 3. Nxd4 e5 4. Nb3 Nf6 5. Bg5 d5 6. e3 Be6 7. Bd3 Be7 8. O-O O-O 9. Nc3 Nc6 10. Qd2 Qc7
11. Nb5 Qb6 12. a4 a6 13. a5 Qd8 14. Nc3 Bb4 15. Qd1 e4 16. Be2 Nxa5 17. Bxf6 gxf6 18. Nxa5 Bxa5 19. Qd4 Bb6 20. Qa4 Qd6
21. Rfd1= Bc7 22. g3 Qc5
0-1

[Event "Mild Breezes Of November"]
[Site "SchemingMind.com"]
[Date "2014.11.28"]
[Round "-"]
[White "John Hamer"]
[Black "Whitetiger"]
[Result "0-1"]
[WhiteCountry "ENG"]
[BlackCountry "ENG"]
[WhiteElo "2062"]
[WhiteRD "57"]
[BlackElo "2344"]
[BlackRD "115"]
[GameID "369653"]

1. d4 Nf6 2. Nf3 e6 3. c4 b6 4. Nc3 Bb7 5. e3 Bb4 6. Bd3 O-O 7. O-O d5 8. a3 Bd6 9. cxd5 exd5 10. b4 Nbd7
11. Qb3 c6 12. a4 Qe7 13. Ba3 a5 14. Rfb1 axb4 15. Bxb4 Ba6 16. Bf5 c5 17. Ba3= Bc4 18. Qc2 Rfb8 19. Nb5 Bxb5 20. axb5 g6
21. Bd3 Rxa3 22. Rxa3 cxd4 23. Ra4 dxe3 24. Re1 exf2+ 25. Qxf2 Qf8 26. Ra7 Bc5 27. Nd4 Re8 28. Rxe8= Qxe8 29. Ra4 Qe5 30. h3 Nh5
0-1

[Event "Mild Breezes Of November"]
[Site "SchemingMind.com"]
[Date "2014.11.29"]
[Round "-"]
[White "Whitetiger"]
[Black "John Hamer"]
[Result "1-0"]
[WhiteCountry "ENG"]
[BlackCountry "ENG"]
[WhiteElo "2294"]
[WhiteRD "120"]
[BlackElo "2033"]
[BlackRD "59"]
[GameID "369654"]

1. e4 c6 2. d4 d5 3. exd5 cxd5 4. Bd3 Nf6 5. Bf4 Qb6 6. Nc3 Bd7 7. Nf3 Qxb2 8. Ne2 e6 9. Rb1 Qxa2 10. O-O b6
11. Nc3 Qa5 12. Nb5 Bxb5 13. Bxb5+ Nbd7 14. Ne5 Rc8 15. Nxd7 Nxd7 16. Bxd7+ Kxd7 17. Ra1 Ba3 18. Bd2 Qa4 19. Qf3 Qxd4 20. Rxa3 Qxd2=
21. Qxf7+
1-0

[Event "Mild Breezes Of November"]
[Site "SchemingMind.com"]
[Date "2014.12.02"]
[Round "-"]
[White "John Hamer"]
[Black "Adrian Grajczak"]
[Result "0-1"]
[WhiteCountry "ENG"]
[BlackCountry "POL"]
[WhiteElo "2050"]
[WhiteRD "62"]
[BlackElo "2199"]
[BlackRD "76"]
[GameID "369655"]

1. d4 d5 2. c4 dxc4 3. e3 a6 4. Bxc4 Nf6 5. Nf3 b5 6. Be2 Bb7 7. O-O e6 8. a4 b4 9. Nbd2 Nbd7 10. Nc4 c5
11. dxc5 Bxc5 12. Nd6+ Bxd6 13. Qxd6 Qe7 14. Qg3 O-O 15. Nd4 Ne4 16. Qh3 Rac8 17. f3 Nd6 18. Bd2 e5 19. Nf5 Nxf5 20. Qxf5 g6
21. Qg4 a5 22. Rfd1 Nf6 23. Qg5= Rc2 24. Rab1 h6 25. Qxh6 Rd8 26. e4 Bxe4 27. fxe4 Nxe4 28. Be3 Rxe2 29. Re1 Rc2 30. Qh3 f5
31. Qf3 Rd3
0-1

[Event "Mild Breezes Of November"]
[Site "SchemingMind.com"]
[Date "2014.12.02"]
[Round "-"]
[White "Adrian Grajczak"]
[Black "John Hamer"]
[Result "1-0"]
[WhiteCountry "POL"]
[BlackCountry "ENG"]
[WhiteElo "2199"]
[WhiteRD "76"]
[BlackElo "2050"]
[BlackRD "62"]
[GameID "369656"]

1. e4 e5 2. Nf3 Nc6 3. Bb5 a6 4. Ba4 d6 5. c4 Bd7 6. d4 Nf6 7. Nc3 exd4 8. Nxd4 g6 9. O-O Bg7 10. Nxc6 Bxc6
11. Bxc6+ bxc6 12. Qa4 Qd7 13. Rd1 O-O 14. f3 Rfb8= 15. c5 Ne8 16. Rd3 f5 17. Rb1 fxe4 18. fxe4 Qe6 19. Be3 Bxc3 20. Rxc3 Nf6
21. cxd6 cxd6 22. Rxc6 Nxe4 23. Rc7 Rf8 24. Bh6 Rfe8 25. Rf1 Qd5= 26. Rd1 Qe6 27. Qd4 Qe5 28. Qc4+ Re6 29. Bg7 Nf6 30. Bxf6 Qxf6
31. Re1 Re8 32. Rc8
1-0

[Event "Mild Breezes Of November"]
[Site "SchemingMind.com"]
[Date "2014.12.02"]
[Round "-"]
[White "jrsanpedro"]
[Black "Patjanka"]
[Result "1/2-1/2"]
[WhiteCountry "ARG"]
[BlackCountry "DEN"]
[WhiteElo "2150"]
[WhiteRD "66"]
[BlackElo "2340"]
[BlackRD "95"]
[GameID "369780"]

1. d4 c5 2. d5 Nf6 3. Nc3 d6 4. e4 a6 5. a4 e6 6. Bd3 g6 7. Nf3 Bg7 8. O-O exd5 9. Nxd5 Nxd5 10. exd5 O-O
11. Re1 Bg4 12. h3 Bxf3 13. Qxf3 Nd7 14. Be2 Qa5 15. c3 Rfe8 16. Be3 f5=
1/2-1/2

[Event "Mild Breezes Of November"]
[Site "SchemingMind.com"]
[Date "2014.12.01"]
[Round "-"]
[White "Patjanka"]
[Black "jrsanpedro"]
[Result "1/2-1/2"]
[WhiteCountry "DEN"]
[BlackCountry "ARG"]
[WhiteElo "2340"]
[WhiteRD "95"]
[BlackElo "2150"]
[BlackRD "66"]
[GameID "369781"]

1. d4 Nf6 2. c4 e6 3. g3 c5 4. d5 exd5 5. cxd5 d6 6. Nc3 g6 7. Bg2 Bg7 8. Nf3 O-O 9. O-O Re8 10. Bf4 Na6
11. Re1 Bg4 12. e4 Nd7 13. Qd2 Nb6 14. Nb5 Nc4 15. Qc2 Bxf3 16. Qxc4 Bxg2 17. Kxg2 Bxb2 18. Rad1 Be5 19. Bxe5 dxe5 20. a3 Qd7=
1/2-1/2

[Event "Mild Breezes Of November"]
[Site "SchemingMind.com"]
[Date "2014.12.01"]
[Round "-"]
[White "jrsanpedro"]
[Black "John Hamer"]
[Result "1-0"]
[WhiteCountry "ARG"]
[BlackCountry "ENG"]
[WhiteElo "2134"]
[WhiteRD "65"]
[BlackElo "2033"]
[BlackRD "59"]
[GameID "369782"]

1. d4 d5 2. Nf3 e6 3. c4 Nf6 4. Nc3 Be7 5. Bg5 O-O 6. Qc2 h6 7. Bxf6 Bxf6 8. e4 dxe4 9. Qxe4 c5 10. Bd3 g6
11. dxc5 Nd7 12. Qe3 Qa5 13. O-O Nxc5 14. Bc2 Bg7 15. a3 Qb6 16. b4 Nb3 17. c5 Nxc5 18. bxc5 Qb2 19. Nd4 e5 20. Qd3
1-0

[Event "Mild Breezes Of November"]
[Site "SchemingMind.com"]
[Date "2014.12.01"]
[Round "-"]
[White "John Hamer"]
[Black "jrsanpedro"]
[Result "0-1"]
[WhiteCountry "ENG"]
[BlackCountry "ARG"]
[WhiteElo "2062"]
[WhiteRD "57"]
[BlackElo "2150"]
[BlackRD "66"]
[GameID "369783"]

1. d4 Nf6 2. c4 e6 3. Nf3 b6 4. a3 Bb7 5. Nc3 d5 6. cxd5 Nxd5 7. e4 Nxc3 8. bxc3 Bxe4 9. Ne5 Qh4 10. Qa4+ c6
11. d5 Bc5 12. g3 Bxf2+ 13. Kxf2 Qf6+ 14. Bf4 Bxh1 15. dxc6 Nxc6 16. Nxc6 O-O 17. Ne5 Qe7 18. Bd3 Qc5+ 19. Ke2 Qd5 20. Qc2 Qg2+
21. Ke3 Qxc2 22. Bxc2 Bb7 23. Bb3 Rac8 24. Rc1 Kh8 25. Nd7 Rfe8 26. Ne5 Re7 27. g4 Rec7 28. c4 f6 29. Nd3 e5 30. Bg3 Ba6
0-1

[Event "Mild Breezes Of November"]
[Site "SchemingMind.com"]
[Date "2014.12.01"]
[Round "-"]
[White "jrsanpedro"]
[Black "Whitetiger"]
[Result "0-1"]
[WhiteCountry "ARG"]
[BlackCountry "ENG"]
[WhiteElo "2128"]
[WhiteRD "72"]
[BlackElo "2451"]
[BlackRD "97"]
[GameID "369784"]

1. d4 Nf6 2. c4 e6 3. Nc3 Bb4 4. e3 O-O 5. Bd3 d5 6. Nf3 c5 7. O-O Nc6 8. a3 Ba5 9. cxd5 exd5 10. dxc5 Bxc3
11. bxc3 Bg4 12. Bb2 Na5 13. h3 Bh5 14. Rc1 Nc4 15. Bxc4 dxc4 16. Qxd8 Rfxd8 17. Nd4 Ne4 18. g4 Bg6 19. c6 bxc6 20. Nxc6 Rd2
21. Ba1= f6 22. Ne7+ Kf7 23. Nxg6 Kxg6 24. Kg2 Rad8 25. Kf3 Ng5+ 26. Kg3 Ra2 27. f3 Rdd2 28. h4 Rg2+ 29. Kf4 Ne6+ 30. Ke4 Rad2
31. f4 Nc5+ 32. Kf3 h5 33. f5+ Kh6 34. gxh5 Nd3 35. Rb1 Kxh5 36. Ke4 Nc5+ 37. Kf3 Kxh4 38. Rh1+ Kg5 39. Rhf1 a6
0-1

[Event "Mild Breezes Of November"]
[Site "SchemingMind.com"]
[Date "2014.12.02"]
[Round "-"]
[White "Whitetiger"]
[Black "jrsanpedro"]
[Result "1-0"]
[WhiteCountry "ENG"]
[BlackCountry "ARG"]
[WhiteElo "2451"]
[WhiteRD "97"]
[BlackElo "2128"]
[BlackRD "72"]
[GameID "369785"]

1. e4 c6 2. d4 d5 3. exd5 cxd5 4. Bd3 Nc6 5. c3 Nf6 6. Bf4 Bg4 7. Qb3 Qd7 8. Nd2 e6 9. Ngf3 Bxf3 10. Nxf3 Nh5
11. Be3 Bd6 12. O-O Nf4 13. Bb1 Na5 14. Qc2 Nc4 15. Bc1 Rc8 16. Re1 Ng6 17. h4 Be7 18. g3 Bd8 19. h5 Ne7 20. h6 Ng6
21. hxg7 Rg8 22. Qf5 Rxg7 23. b3 Nb6 24. Qh5 Bf6 25. Bh6 Rg8 26. Bd2 Qd6 27. Bd3 Nd7 28. Rac1 a6= 29. c4 dxc4 30. Bxc4 Nb6
31. d5 e5 32. Be3 Nxc4 33. Rxc4 Rxc4 34. bxc4 b5 35. Nd2 Be7 36. Ne4 Qd7 37. d6 Bd8 38. c5
1-0

[Event "Mild Breezes Of November"]
[Site "SchemingMind.com"]
[Date "2014.12.02"]
[Round "-"]
[White "jrsanpedro"]
[Black "Adrian Grajczak"]
[Result "1/2-1/2"]
[WhiteCountry "ARG"]
[BlackCountry "POL"]
[WhiteElo "2133"]
[WhiteRD "78"]
[BlackElo "2180"]
[BlackRD "76"]
[GameID "369786"]

1. d4 d5 2. Nf3 Nf6 3. c4 e6 4. Nc3 Nbd7 5. cxd5 exd5 6. Bf4 c6 7. e3 Nh5 8. Bg5 Be7 9. Bxe7 Qxe7 10. Be2 Nhf6
11. Qc2 O-O 12. O-O Re8 13. Rac1 b6 14. Bd3 Bb7 15. Nh4 g6 16. Nf3 c5 17. Rfd1 c4 18. Be2 Bc6 19. a4 a6 20. b3 b5
21. bxc4 bxc4 22. Nd2 Rab8 23. e4 dxe4 24. Nxc4 Nd5 25. Na5 Ba8 26. Nxd5 Bxd5 27. Bxa6 e3 28. Bb5 Rbc8 29. Qe2 exf2+ 30. Qxf2 Rxc1
31. Rxc1 Bxg2 32. Bxd7=
1/2-1/2

[Event "Mild Breezes Of November"]
[Site "SchemingMind.com"]
[Date "2014.12.03"]
[Round "-"]
[White "Adrian Grajczak"]
[Black "jrsanpedro"]
[Result "1/2-1/2"]
[WhiteCountry "POL"]
[BlackCountry "ARG"]
[WhiteElo "2180"]
[WhiteRD "76"]
[BlackElo "2133"]
[BlackRD "78"]
[GameID "369787"]

1. e4 c6 2. d4 d5 3. f3 Qb6 4. Nc3 dxe4 5. fxe4 e5 6. Nf3 exd4 7. Qxd4 Qxd4 8. Nxd4 Bc5 9. Be3 Nd7 10. O-O-O Ngf6
11. h3 h6 12. Bf4 Bb4 13. Nde2 Nb6 14. a3 Bc5 15. Nd4 Bd7 16. Be2 O-O-O 17. b4 Bxd4 18. Rxd4 Be6 19. Rhd1 Rxd4= 20. Rxd4 Rd8
21. Be3 Nfd7 22. a4 Ne5 23. a5 Nbd7 24. Na4 Re8 25. Rd1 a6 26. Nb6+ Nxb6 27. Bxb6 Bc4 28. Bd3 h5 29. Kd2 Bb5 30. Ke3 f6
31. Kd4 Nxd3=
1/2-1/2

[Event "Mild Breezes Of November"]
[Site "SchemingMind.com"]
[Date "2014.12.06"]
[Round "-"]
[White "jrsanpedro"]
[Black "michel"]
[Result "1/2-1/2"]
[WhiteCountry "ARG"]
[BlackCountry "CAN"]
[WhiteElo "2150"]
[WhiteRD "66"]
[BlackElo "2305"]
[BlackRD "55"]
[GameID "369961"]

1. e4 d6 2. d4 Nf6 3. Nc3 g6 4. f4 Bg7 5. Nf3 O-O 6. Bd3 Na6 7. O-O c5 8. d5 Rb8 9. h3 Nc7 10. a4 b6
11. Re1 a6 12. Ne2 b5 13. axb5 axb5 14. c3 Bb7 15. Ng3 c4 16. Bc2 e6 17. dxe6 Nxe6 18. f5 Qb6+ 19. Be3 Nc5 20. Bd4 Rfe8
21. fxg6 hxg6 22. Ng5 Qc7 23. Qf3 Ne6 24. Nxe6 Rxe6 25. b4 Qe7 26. Ra5 Qe8 27. Re2= Ra8 28. Rxa8 Bxa8 29. Qf2 Bc6=
1/2-1/2

[Event "Mild Breezes Of November"]
[Site "SchemingMind.com"]
[Date "2014.12.06"]
[Round "-"]
[White "michel"]
[Black "jrsanpedro"]
[Result "1-0"]
[WhiteCountry "CAN"]
[BlackCountry "ARG"]
[WhiteElo "2332"]
[WhiteRD "56"]
[BlackElo "2133"]
[BlackRD "64"]
[GameID "369962"]

1. e4 c6 2. d4 d5 3. e5 Bf5 4. Nf3 e6 5. Be2 Ne7 6. O-O c5 7. c4 Nbc6 8. Na3 dxc4 9. Nxc4 Nd5 10. Bg5 Qd7
11. Rc1 h6 12. Be3 b5 13. Na3 a6 14. dxc5 Be7 15. Nc2 Nxe3 16. Nxe3 Be4 17. a4 Qb7 18. Nd2 Bg6 19. Nb3 Rd8 20. Qe1 Nxe5
21. Na5 Qd7 22. axb5 axb5 23. Qc3 Bf6 24. Rcd1 Nd3 25. Qb3 O-O 26. c6 Qc7 27. Nb7 Nf4 28. Bxb5 Rxd1 29. Rxd1 Ra8 30. Nc5 Bh5
31. f3 Be7 32. Nd7 Bg5 33. Qc3 Qa7 34. Kf1 Ng6 35. Nc4 Qc7 36. g3 Rd8 37. Kg2 Ne7 38. Qe5 Qxe5 39. Ncxe5 Nd5 40. Rxd5
1-0

[Event "Mild Breezes Of November"]
[Site "SchemingMind.com"]
[Date "2014.12.06"]
[Round "-"]
[White "Patjanka"]
[Black "michel"]
[Result "1-0"]
[WhiteCountry "DEN"]
[BlackCountry "CAN"]
[WhiteElo "2364"]
[WhiteRD "94"]
[BlackElo "2332"]
[BlackRD "56"]
[GameID "369963"]

1. d4 Nf6 2. c4 d6 3. Nc3 e5 4. Nf3 e4 5. Nd2 Qe7 6. g3 c6 7. Bg2 d5 8. cxd5 cxd5 9. f3 exf3 10. Nxf3 Nc6
11. O-O Qd8 12. Ng5 h6 13. Nxf7 Kxf7 14. Nxd5 Ne7 15. Nf4 Nf5 16. Qb3+ Ke8 17. Ng6 Nxd4 18. Qa4+ b5 19. Qd1 Bg4 20. Kh1 Bxe2
21. Re1 Kf7 22. Nxh8+ Kg8 23. Rxe2 Nxe2 24. Qxe2 Qe8 25. Qf1 Rc8 26. Bxh6 Kxh8 27. Re1 Qh5 28. Be3 a6 29. Qf3 Qxf3 30. Bxf3 Kh7
31. Re2 Re8 32. Kg1 Kg6 33. Kf1 Rd8 34. Bb7 Rd6 35. Kg2 a5 36. h4 b4 37. Kf3 Kf7 38. g4 Nd5 39. Bg5 Nf6 40. Re5 Rb6
41. Bc8 a4 42. Be3 Rc6 43. Bf5 a3 44. b3
1-0

[Event "Mild Breezes Of November"]
[Site "SchemingMind.com"]
[Date "2014.12.06"]
[Round "-"]
[White "michel"]
[Black "Patjanka"]
[Result "0-1"]
[WhiteCountry "CAN"]
[BlackCountry "DEN"]
[WhiteElo "2305"]
[WhiteRD "55"]
[BlackElo "2340"]
[BlackRD "95"]
[GameID "369964"]

1. e4 c5 2. Nf3 Nc6 3. Bb5 Qb6 4. Nc3 e6 5. Bxc6 bxc6 6. O-O Ne7 7. b3 Ng6 8. Na4 Qc7 9. Ba3 e5 10. Bxc5 Bxc5
11. Nxc5 d6 12. Nd3 O-O 13. Qe2 f5 14. Ng5 h6 15. exf5 Bxf5 16. Ne4 d5 17. Ng3 e4 18. Nc5 Nf4 19. Qa6 Bc8 20. Qa4 Bg4
21. Qa6 h5 22. Rae1 Qd6
0-1

[Event "Mild Breezes Of November"]
[Site "SchemingMind.com"]
[Date "2014.12.06"]
[Round "-"]
[White "John Hamer"]
[Black "michel"]
[Result "0-1"]
[WhiteCountry "ENG"]
[BlackCountry "CAN"]
[WhiteElo "2033"]
[WhiteRD "59"]
[BlackElo "2323"]
[BlackRD "61"]
[GameID "369965"]

1. d4 Nf6 2. Nf3 d6 3. c4 g6 4. Nc3 Bf5 5. g3 Bg7 6. Bg2 O-O 7. O-O Ne4 8. Nd5 c6 9. Ne3 Be6 10. b3 Nd7
11. Qd3 Ndf6 12. Rd1 Qa5 13. h3 Qc3 14. Rb1 Qxd3 15. Rxd3 d5 16. Ne5 Ne8 17. Ba3 N8d6 18. Rc1 a5 19. Bb2 a4 20. cxd5 cxd5
21. a3 f6 22. Nf3 Bh6 23. Rc7 Rfc8 24. Rxc8+ Rxc8 25. Ne1= Kf7 26. bxa4 Nc4 27. Nxc4 dxc4 28. Rd1 c3 29. Bc1 c2 30. Nxc2 Nc3
31. Bxb7 Rc7
0-1

[Event "Mild Breezes Of November"]
[Site "SchemingMind.com"]
[Date "2014.12.07"]
[Round "-"]
[White "michel"]
[Black "John Hamer"]
[Result "1-0"]
[WhiteCountry "CAN"]
[BlackCountry "ENG"]
[WhiteElo "2323"]
[WhiteRD "61"]
[BlackElo "2033"]
[BlackRD "59"]
[GameID "369966"]

1. c4 Nf6 2. g3 g6 3. Bg2 Bg7 4. Nc3 O-O 5. e4 c6 6. Nge2 e5 7. d3 c5 8. O-O d6 9. Rb1 Nc6 10. a3 Ne8
11. b4 Nf6 12. Nd5 cxb4 13. axb4 a5 14. bxa5 Nxd5 15. cxd5 Nxa5 16. Be3 Ra6 17. Qd2 Bg4 18. Nc3 Qe7 19. Nb5 f5 20. Rfc1 Qf7
21. Rc7 Qe8 22. Rxg7+ Kxg7 23. Nc7 Qd7 24. Nxa6 Ra8 25. Qxa5 Rxa6 26. Qb4
1-0

[Event "Mild Breezes Of November"]
[Site "SchemingMind.com"]
[Date "2014.12.07"]
[Round "-"]
[White "Whitetiger"]
[Black "michel"]
[Result "1-0"]
[WhiteCountry "ENG"]
[BlackCountry "CAN"]
[WhiteElo "2344"]
[WhiteRD "115"]
[BlackElo "2305"]
[BlackRD "55"]
[GameID "369967"]

1. e4 d6 2. d4 Nf6 3. Nc3 e5 4. dxe5 dxe5 5. Qxd8+ Kxd8 6. Nf3 Bd6 7. Be3 h6 8. O-O-O Be6 9. Nxe5 Ke7 10. Nd3 Nfd7
11. f4 c6 12. Ne2 Bc7 13. Nd4 Bb6 14. Be2 c5 15. Nxe6 fxe6 16. c4 Nc6 17. e5 Rhc8 18. Bf3 Rab8 19. Bxc6 Rxc6 20. Nf2 Bd8
21. Rd3 Ke8 22. Ne4 Be7 23. Rhd1 Rc7 24. Nc3 a6 25. a4 b6 26. Ne4 Rbb7 27. Rb3 a5 28. g4 Kf7 29. Nd6+ Bxd6 30. Rxd6 Rc8
31. Bd2 Rcb8 32. Kc2 Ra8 33. Rf3 Re8 34. Bc3 Nf8 35. f5 Kg8 36. Kd3
1-0

[Event "Mild Breezes Of November"]
[Site "SchemingMind.com"]
[Date "2014.12.07"]
[Round "-"]
[White "michel"]
[Black "Whitetiger"]
[Result "0-1"]
[WhiteCountry "CAN"]
[BlackCountry "ENG"]
[WhiteElo "2318"]
[WhiteRD "59"]
[BlackElo "2379"]
[BlackRD "117"]
[GameID "369968"]

1. c4 Nf6 2. g3 e5 3. Nc3 d5 4. cxd5 Nxd5 5. Bg2 Nb6 6. Nf3 Nc6 7. O-O Be7 8. a3 O-O 9. b4 Be6 10. Rb1 f6
11. d3 a5 12. b5 Nd4 13. Nd2 Qc8 14. e3 Nf5 15. Bb2 Rd8 16. Qc2 a4 17. Rfd1 Nd6 18. Ba1 Ra5 19. h4 Kh8 20. Bf3 Bf8
21. Be2 Ra8 22. Kg2 Qd7 23. Qb2 Qf7 24. Rbc1 Ra5 25. Bf3 Bd7 26. Qc2 Nxb5 27. Nxb5 Rxb5 28. Qxc7 Rc8 29. Qxb7 Rxc1 30. Rxc1 Nc4
31. Nxc4 Rxb7 32. Bxb7 Bf5 33. Bf3 Bxd3 34. Nb6 Qb3 35. Rc8 h5
0-1

[Event "Mild Breezes Of November"]
[Site "SchemingMind.com"]
[Date "2014.12.07"]
[Round "-"]
[White "michel"]
[Black "Adrian Grajczak"]
[Result "1/2-1/2"]
[WhiteCountry "CAN"]
[BlackCountry "POL"]
[WhiteElo "2369"]
[WhiteRD "60"]
[BlackElo "2219"]
[BlackRD "79"]
[GameID "369969"]

1. c4 f5 2. g3 Nf6 3. Bg2 e6 4. Nf3 Be7 5. O-O O-O 6. Nc3 d5 7. cxd5 exd5 8. e3 c6 9. b3 Na6 10. Bb2 Bd6
11. Ne2 Nc5 12. d3 Qe7 13. b4 Ne6 14. b5 Bd7 15. bxc6 bxc6 16. Ne5 Rab8 17. Qc2 Rb6 18. Nxd7 Qxd7 19. Rab1 Ng4 20. Ba1 Bc5
21. h3 Nf6 22. Rxb6 axb6 23. Rb1 b5 24. a4 b4 25. Rc1 Rb8 26. Bxf6 b3 27. Qc3 gxf6 28. Qxf6 b2 29. Rb1 d4 30. Qxf5 dxe3
31. Nf4 exf2+ 32. Kh2 Re8 33. Nxe6 Qxe6 34. Qxc5 Qe1 35. Qxc6=
1/2-1/2

[Event "Mild Breezes Of November"]
[Site "SchemingMind.com"]
[Date "2014.12.06"]
[Round "-"]
[White "Adrian Grajczak"]
[Black "michel"]
[Result "1/2-1/2"]
[WhiteCountry "POL"]
[BlackCountry "CAN"]
[WhiteElo "2218"]
[WhiteRD "74"]
[BlackElo "2332"]
[BlackRD "56"]
[GameID "369970"]

1. e4 d6 2. d4 Nf6 3. Nc3 g6 4. f4 Bg7 5. Nf3 O-O 6. Bd3 Nc6 7. O-O e5 8. fxe5 dxe5 9. d5 Ne7 10. Qe1 Ne8
11. Qh4 f6 12. Nxe5 g5 13. Bxg5 fxg5 14. Rxf8+ Bxf8 15. Qxg5+ Bg7 16. Rf1 Nd6=
1/2-1/2